Countries of the World by Second Letter - L - Statistics

General Stats
  • This quiz has been taken 934 times
  • The average score is 4 of 5
Answer Stats
Continen Country % Correct
Europe Slovakia
92%
Europe Slovenia
92%
Europe Albania
89%
North America El Salvador
88%
Africa Algeria
86%
No matching quizzes found
Score Distribution
Percent of People with Each Score
Percentile by Number Answered
Your Score History
You have not taken this quiz